Новокузнецк в цифрах и фактах. Вып. 7: Год 1981 (Запись № 6676529)

Подробности
000 -МАРКЕР
контрольное поле 01045nam2a22002291 4500
001 - ИДЕНТИФИКАТОР ЗАПИСИ
контрольное поле rc\910301
005 - ИДЕНТИФИКАТОР ВЕРСИИ
контрольное поле 20250622103352.0
035 ## - ДРУГИЕ СИСТЕМНЫЕ НОМЕРА
Идентификатор записи (NLR Aleph) 006242213
100 ## - ДАННЫЕ ОБЩЕЙ ОБРАБОТКИ
Данные общей обработки 20041129d1983 |||y0rusy50 ca
101 0# - ЯЗЫК РЕСУРСА
Язык текста, звукозаписи и т.д. русский
102 ## - СТРАНА ПУБЛИКАЦИИ ИЛИ ПРОИЗВОДСТВА
Страна публикации Российская Федерация
105 ## - ПОЛЕ КОДИРОВАННЫХ ДАННЫХ: ТЕКСТОВЫЕ МАТЕРИАЛЫ, МОНОГРАФИЧЕСКИЕ
Кодированные данные о монографическом текстовом документе y |||||||||
200 1# - ЗАГЛАВИЕ И СВЕДЕНИЯ ОБ ОТВЕТСТВЕННОСТИ
Основное заглавие Год 1981
210 ## - ПУБЛИКАЦИЯ, РАСПРОСТРАНЕНИЕ И ДР.
Дата издания, распространения и т.д. 1983
Место издания, распространения и т.д. Б. м.
215 ## - ФИЗИЧЕСКАЯ ХАРАКТЕРИСТИКА
Специфическое обозначение материала и объем 98 с.
461 #0 - УРОВЕНЬ НАБОРА
Встроенное поле 001rc\910300
-- 2001#$aНовокузнецк в цифрах и фактах$eЛетопись$eРек. библиогр. указ. лит.$fНовокузнец. центр. гор. б-ка им. Н.В. Гоголя, Библиогр. отд$vВып. 7
Системный номер (АБИС) связанной записи 6676524
Место публикации Новокузнецк
Дата публикации 1983-
Первые сведения об ответственности Новокузнец. центр. гор. б-ка им. Н.В. Гоголя, Библиогр. отд
Имя издателя, распространителя и т.д. Б. и.
Сведения, относящиеся к заглавию Летопись : Рек. библиогр. указ. лит.
Заглавие Новокузнецк в цифрах и фактах
Номер тома Вып. 7
801 #0 - ИСТОЧНИК ЗАПИСИ
Страна Российская Федерация
Организация NLR
Правила каталогизации psbo
801 #1 - ИСТОЧНИК ЗАПИСИ
Страна Российская Федерация
Организация ELAR
Источник данных rusmarc
852 ## - МЕСТОНАХОЖДЕНИЕ И ШИФР ХРАНЕНИЯ
Идентификатор организации NLR
Наименование фонда или коллекции (Sub-Location Identifier) С
Шифр хранения (Call Number) К-1/5517
942 ## - ДОПОЛНИТЕЛЬНЫЕ ЭЛЕМЕНТЫ ЗАПИСИ (АБИС)
Тип экземпляра АБИС Книга
980 ## - КОЛЛЕКЦИЯ
Название коллекции Национальная библиография
Экземпляры
Тип экземпляра Дата поступления Библиотека постоянного хранения Библиотека текущего хранения Место хранения Шифр хранения Штрих-код Статус экземпляра
Книга 26.10.2013 РНБ (Московский) РНБ (Московский) Центральная справочная библиотека С К-1/5517 1-3573051